Most Expensive Football (Soccer) Transfers Ever from Portugal - Statistics

General Stats
  • This quiz has been taken 218 times
  • The average score is 4 of 11
Answer Stats
Year Fee Club Player % Correct
2011 € 40 m Atletico Madrid Falcao
66%
2013 € 45 m Monaco James Rodriguez
65%
2012 € 60 m Zenit Hulk
63%
2007 € 30 m Real Madrid Pepe
46%
2004 € 30 m Chelsea Ricardo Carvalho
36%
2011 € 30 m Real Madrid Fábio Coentrão
29%
2012 € 40 m Zenit Witsel
27%
2014 € 40 m Mancherster City Mangala
21%
2015 € 31.5 m Real Madrid Danilo
19%
2007 € 31.5 m Manchester United Anderson
14%
2014 € 30 m Valencia Rodrigo
13%
No matching quizzes found
Score Distribution
Percent of People with Each Score
Percentile by Number Answered
Your Score History
You have not taken this quiz